000 00683nam a2200193 a 4500
001 000041425
005 20201002034858.0
008 131003s1968 xxu 000 0 eng d
040 _aDO-SdBNP
_beng
_cBNPHU
082 _a923.1
_cH678s, 1980
100 1 _aHo, Chi Minh,
_d1890-1969
_933172
245 1 0 _aHo chi minh on revolution /
_cHo Chi Minh ; editor Bernard B. Fall.
260 _aLondon :
_bSignet Books,
_c1968.
300 _a349 p. ;
_c18 cm.
504 _aIncluye referencias bibliográficas y notas al pie de las páginas
600 1 0 _aHO, CHI MINH,
_d1890-1969
_933173
650 4 _aVietnam
_xPolítica y gobierno
_y1954-1969
_933174
700 1 _aB. Fall, Bernard,
_eed.
_968095
999 _c40915
_d40915